Statistics for Under Words Quiz

Click here to take the quiz!

General Stats

  • This quiz has been taken 57,129 times
    (11,415 since last reset)
  • The average score is 13 of 20

Answer Stats

Definition Word % Correct
Too youngUnderage
99%
University student who has not
yet received a degree
Undergraduate
94%
The one who isn't favored to winUnderdog
90%
To wear insufficiently formal clothesUnderdress
86%
A police officer who infiltrates
a gang is operating...
Undercover
85%
Actor's backupUnderstudy
81%
MorticianUndertaker
80%
Below the surface of the EarthUnderground
74%
RiptideUndertow
68%
To lower prices below one's competitionUndercut
67%
In progressUnderway
66%
Bra supportUnderwire
66%
To sabotageUndermine
56%
A subordinateUnderling
56%
Like a tire that doesn't have enough airUnderinflated
51%
Financial sponsorUnderwriter
40%
The boxing matches before
the main event
Undercard
35%
Mafia second-in-commandUnderboss
32%
Short and in the wayUnderfoot
28%
Restrained and unpretentiousUnderstated
26%

Score Distribution

Percentile by Number Answered

Percent of People with Each Score

Your Score History

You have not taken this quiz since the last reset